000 00841nam a2200193 a 4500
003 0
005 20250415142305.0
008 060729s19uu xx 00 eng d
050 _aPHS LB 1049
_b.I84 2006
100 _aIshiyama, Jennifer Hiroko F.
245 _aEffects of the research skills developed during the P.A.S.S. research on the preparedness of Southville International School and Colleges graduates for college research /
_cJennifer Hiroko F. Ishiyama.
260 _aLas PiƱas City, Philippines :
_bSouthville International School and Colleges,
_c2006.
300 _a37 pages :
_billustrations ;
_c28 cm.
504 _aIncludes bibliographical references.
650 _aResearch
_xStudy and teaching (Secondary).
650 _aCollege readiness.
650 _aHigh school graduates
_xPreparation for college.
942 _cPASS
_2lcc
999 _c97615
_d97615